|
|
|
|
| LEADER |
00000naa2a2200000 4500 |
| 001 |
633152 |
| 005 |
20240112140156.0 |
| 035 |
|
|
|a (RuTPU)RU\TPU\conf\34900
|
| 035 |
|
|
|a RU\TPU\conf\34895
|
| 090 |
|
|
|a 633152
|
| 100 |
|
|
|a 20210702d2021 k y0rusy50 ca
|
| 101 |
0 |
|
|a rus
|
| 102 |
|
|
|a RU
|
| 105 |
|
|
|a y z 101zy
|
| 135 |
|
|
|a drcn ---uucaa
|
| 181 |
|
0 |
|a i
|
| 182 |
|
0 |
|a b
|
| 200 |
1 |
|
|a Разработка метода оценки схожести коллекций текстов с использованием их векторных представлений, полученных методом doc2vec
|f А. Ю. Карпова, А. М. Ширыкалов
|
| 203 |
|
|
|a Текст
|c электронный
|
| 225 |
1 |
|
|a Искусственный интеллект и машинное обучение
|
| 300 |
|
|
|a Заглавие с титульного экрана
|
| 320 |
|
|
|a [Библиогр.: с. 76 (3 назв.)]
|
| 463 |
|
0 |
|0 (RuTPU)RU\TPU\conf\34857
|t Молодежь и современные информационные технологии
|o сборник трудов XVIII Международной научно-практической конференции студентов, аспирантов и молодых учёных, 22-26 марта 2021 г., г. Томск
|f Национальный исследовательский Томский политехнический университет, Инженерная школа информационных технологий и робототехники ; под ред. Н. Г. Маркова [и др.]
|v [С. 75-76]
|d 2021
|
| 610 |
1 |
|
|a электронный ресурс
|
| 610 |
1 |
|
|a труды учёных ТПУ
|
| 610 |
1 |
|
|a тексты
|
| 610 |
1 |
|
|a векторные представления
|
| 610 |
1 |
|
|a автоматическая оценка
|
| 610 |
1 |
|
|a схожесть
|
| 610 |
1 |
|
|a социальные сети
|
| 610 |
1 |
|
|a сбор данных
|
| 610 |
1 |
|
|a визуализация
|
| 610 |
1 |
|
|a векторизация
|
| 700 |
|
1 |
|a Карпова
|b А. Ю.
|c философ
|c профессор Томского политехнического университета, доктор социологических наук
|f 1968-
|g Анна Юрьевна
|3 (RuTPU)RU\TPU\pers\30249
|9 14626
|
| 701 |
|
1 |
|a Ширыкалов
|b А. М.
|c специалист в области информационных технологий
|c инженер-исследователь Томского политехнического университета
|f 1998-
|g Анатолий Максимович
|3 (RuTPU)RU\TPU\pers\46920
|
| 712 |
0 |
2 |
|a Национальный исследовательский Томский политехнический университет
|b Школа базовой инженерной подготовки
|b Отделение социально-гуманитарных наук
|3 (RuTPU)RU\TPU\col\23512
|
| 801 |
|
2 |
|a RU
|b 63413507
|c 20210809
|g RCR
|
| 856 |
4 |
|
|u http://earchive.tpu.ru/handle/11683/68011
|
| 942 |
|
|
|c BK
|